ECOLOGICAL PRIORITIES AND ECOLOGICAL SIGNIFICANCE OF THE LANDSCAPE IN SLOVAKIA

Podrobná bibliografia
Hlavný autor: Hrnčiarová, Tatiana, 1954- (Autor)
Médium: Článok
Jazyk:angličtina

MARC

LEADER 00000nab a2200000 a 4500
001 vtls011124930
003 SK-MaSNL
005 20260303143758.0
008 230222|1995 xo |||||||||||||||||eng|
015 |a SNBRB 
035 |a (uuid)6e6ab82c-cc63-4b00-875b-2ff8ce3e7ec0 
035 |a (urnnbn)urn:nbn:sk:snk:ar-a098gv 
035 |a urn:nbn:sk:snk-aba16i 
040 |a SNKBUCL  |b slo  |c SNKBUCL  |e AACR2 
041 0 |a eng 
044 |a xo  |c SK 
100 1 |a Hrnčiarová, Tatiana,  |d 1954-  |4 aut  |9 100438 
245 1 0 |a ECOLOGICAL PRIORITIES AND ECOLOGICAL SIGNIFICANCE OF THE LANDSCAPE IN SLOVAKIA  |c Tatiana Hrnčiarová 
773 0 |t Acta Environmentalica Universitatis Comenianae (Bratislava)  |g Č. 1 (1995), s. 203-209 
958 |a OND 
958 |a EUIPO 
958 |a article13 
999 |c 1992447  |d 1994377